Transitions : An interactive, reading, writing, and grammar text

Gardado en:
Detalles Bibliográficos
Autor Principal: Bates, Londa
Formato: Libro
Idioma:Undetermined
Publicado: Cambridge University Press 1998
Những chủ đề:
Các nhãn: Engadir etiqueta
Sen Etiquetas, Sexa o primeiro en etiquetar este rexistro!
Thư viện lưu trữ: Trung tâm Học liệu Trường Đại học Cần Thơ
LEADER 00613nam a2200217Ia 4500
001 CTU_88958
008 210402s9999 xx 000 0 und d
020 |c 238000 
082 |a 428.24 
082 |b B329 
100 |a Bates, Londa 
245 0 |a Transitions : 
245 3 |b An interactive, reading, writing, and grammar text 
245 0 |c Londa Bates 
260 |a Cambridge 
260 |b University Press 
260 |c 1998 
650 |a English language,English language,Report writing,College readers 
650 |x Rhetoric 
904 |i Năm 
980 |a Trung tâm Học liệu Trường Đại học Cần Thơ